| 000 | 00939nam a22002897a 4500 | ||
|---|---|---|---|
| 003 | CHAP | ||
| 005 | 20220329134629.0 | ||
| 008 | 971013s r 00010 d | ||
| 010 | _a23266 | ||
| 011 | _a24238 | ||
| 035 | _a28337 | ||
| 040 | _cCHAP | ||
| 090 | _aR-1183 | ||
| 100 | 0 | 0 |
_aCharpentié, Y. _921985 |
| 245 | _aSur la fermentation de l'acide citrique par les bacteries malolactiques | ||
| 500 | _aSobretiro de: Bull. de la Soc. Chimie Biologique 33(10):1369-1378, 1951 | ||
| 590 |
_aBATCH-UPD _b10 _c20130110 _lUCH01 _h0116 |
||
| 590 |
_aBATCH-UPD _b10 _c20130110 _lUCH01 _h2326 |
||
| 590 |
_aBATCH-UPD _b10 _c20130409 _lUCH01 _h2108 |
||
| 590 |
_aBATCH-UPD _b10 _c20130410 _lUCH01 _h1616 |
||
| 590 |
_aBATCH-UPD _b10 _c20130914 _lUCH01 _h0919 |
||
| 590 |
_aCONVERSION _b10 _c20130109 _lUCH01 _h1314 |
||
| 650 | 1 | 4 |
_aFermentación cítrica. _940086 |
| 901 | _aBK | ||
| 942 | _cREIMP | ||
| 949 |
_aR-1183 _bBC _cR _d-65409 _eTS1 _i28337 _si |
||
| 999 |
_c23266 _d23266 |
||